Statystyki dla Odpowiedź Zaczyna się na "I"

Kliknij tutaj aby rozwiązać quiz!

Ogólne statystyki

  • Ten quiz został rozwiązany 10 800 razy
    (9 850 od ostatniego zresetowania)
  • Średni wynik to 14 z 25

Statystyki odpowiedzi

PytanieOdpowiedź% Poprawnych
Stolicą jakiego kraju jest Teheran?Iran
95%
Który z krajów może pochwalić się drugą największą na świecie liczbą ludności?Indie
89%
Jak brzmi polski tytuł filmu animowanego studia Pixar o rodzinie superbohaterów?Iniemamocni
89%
Świętą księgą, której religii jest Koran?Islam
87%
Podaj nazwę półwyspu na którym znajduje się Portugalia oraz Hiszpania.Iberyjski
84%
Jaką nazwę nosi proces kupowania za granicą towarów lub usług i sprowadzania ich do własnego kraju?Import
84%
Jakie brzmi dzisiejsza (turecka) nazwa Konstantynopolu?Istambuł
82%
Jak miał na imię pierwszy władca Rosji, który koronował się na cara?Iwan IV Groźny
74%
Jak miał na imię biblijny syn Abrahama?Izaak
73%
Jaką nazwę nosi przeglądarka internetowa firmy Microsoft?Internet Explorer
69%
Jak brzmi alter-ego Tony Starka z uniwersum komiksów Marvela?Iron Man
69%
Jak w w sztuce bizantyjskiej i wschodniochrześcijańskiej nazywa się obraz o tematyce religijnej, malowany na drewnie?Ikona
67%
Pod jakim pseudonimem działał filmowy archeolog-awanturnik Henry Jones Junior?Indiana Jones
59%
Największym miastem (pod względem liczby ludności) którego stanu jest Chicago?Illinois
54%
Jak nazywa się alfabetyczny spis pojęć, terminów, nazwisk itp. przytoczonych lub omówionych w danej książce?Indeks
54%
Jakim słowem określa się rzecz naśladującą inną rzecz?Imitacja
53%
Jak brzmi tytuł filmu z 2010 roku, gdzie nijaki Cobb ma zaszczepić myśl do śpiącego umysłu?Incepcja
51%
Jak nazywa się naiwność i niedojrzałość w zachowaniu osoby dorosłej?Infantylizm
39%
Jak ma imię i nazwisko ma polska była lekkoatletka, która specjalizowała się w biegach sprinterskich i skoku w dal, siedmioktrona medalistki Igrzysk Olimpijskich?Irena Szewińska
36%
Islamski duchowny, prowadzący wspólne modły w meczecie to...?Imam
33%
Jak ma na imię postać z powieści "Władca Pierścieni" która odebrała pierścień "Władcy Ciemności"?Isildur
19%
Jak w dżudo i w karate określa się pokonanie zawodnika przed upływem ustalonego czasu walki?Ippon
18%
Jaką nazwę nosiła impreza sportowa, która w 2015 odbyła się w Baku?Igrzyska Europejskie
17%
Jak inaczej określa się tak zwaną "kursywę"?Italika
16%
Jaką nazwę nosi wyspa na której Joe Rosenthal zrobił słynne zdjęcie, przedstawiające zatknięcie amerykańskiego sztandaru na szczycie Suribachi przez grupę marines?Iwo Jima
13%

Rozkład punktacji

Percentyl według liczby udzielonych odpowiedzi

Procent ludzi z każdym wynikiem

Twoja historia wyników

Nie rozwiązałeś tego quizu od ostatniego zresetowania